Transmisiones hidrostáticas / (Record no. 134850)

MARC details
000 -LEADER
campo de control de longitud fija 00664nam a2200205 i 4500
001 - NÚMERO DE CONTROL
campo de control 134850
003 - IDENTIFICADOR DE NÚMERO DE CONTROL
campo de control ES-MaACL
005 - FECHA Y HORA DE LA ÚLTIMA TRANSACCIÓN
campo de control 20230906194745.0
007 - CAMPO FIJO DE DESCRIPCIÓN FÍSICA--INFORMACIÓN GENERAL
campo de control de longitud fija t|
008 - DATOS DE LONGITUD FIJA--INFORMACIÓN GENERAL
campo de control de longitud fija 070629s1968 sp ||||1| spa d
080 ## - NÚMERO DE LA CLASIFICACIÓN DECIMAL UNIVERSAL
Número de la Clasificación Decimal Universal 621.2-622.2
100 1# - ENTRADA PRINCIPAL--NOMBRE DE PERSONA
Nombre de persona Thoma, Jean.
9 (RLIN) 109986
245 10 - MENCIÓN DEL TÍTULO
Título Transmisiones hidrostáticas /
Mención de responsabilidad, etc. Jean Thoma ; [traducción: I. Maranges de Báguena y Salvador Báguena].
260 ## - PUBLICACIÓN, DISTRIBUCIÓN, ETC.
Lugar de publicación, distribución, etc. Barcelona :
Nombre del editor, distribuidor, etc. Gustavo Gili,
Fecha de publicación, distribución, etc. [1968]
300 ## - DESCRIPCIÓN FÍSICA
Extensión VIII, 265 p. :
Otras características físicas il. ;
Dimensiones 22 cm.
650 14 - PUNTO DE ACCESO ADICIONAL DE MATERIA--TÉRMINO DE MATERIA
Término de materia o nombre geográfico como elemento de entrada Máquinas hidráulicas.
9 (RLIN) 14769
700 1# - ENTRADA AGREGADA--NOMBRE PERSONAL
Nombre de persona Báguera, Salvador.
9 (RLIN) 24653
700 1# - ENTRADA AGREGADA--NOMBRE PERSONAL
Nombre de persona Maranges de Báguena, I.
9 (RLIN) 76301
852 ## - LOCALIZACIÓN
Ubicación ES-MaACL
Número de control de estantería C-35185
Sublocalización o colección R.67923
Holdings
Estatus retirado Estado de pérdida Estado de daño No para préstamo Biblioteca de origen Biblioteca actual Ubicación en estantería Fecha de adquisición Fuente de adquisición Total de préstamos Signatura topográfica completa Código de barras Visto por última vez Precio de reemplazo Tipo de ítem Koha
        Biblioteca del Ateneo de Madrid Biblioteca del Ateneo de Madrid Depósito 2 17/01/2008     C-35185 1140360 23/02/2023 23/02/2023 Libro impreso